000 00949nam a2200301 a 4500
001 000114295
003 CHAP
005 20250603103039.0
008 171208s2016 mx ab |r| |||0|||spa d
010 _a110756
011 _a111728
020 _a9786071204400
040 _cCHAP
082 0 4 _a346.0440262
_bP26
245 0 _aElementos para una propuesta de reforma al campo mexicano /
_ccoordinado por Elba Pérez Villalba y Julio Baca del Moral.
260 _aMéxico :
_bUACH,
_c2016.
300 _a329 P. :
_bil. gráficas y cuadros.
590 _aE11695DGD
_b10
_c20180111
_lUCH01
_h1037
590 _aE6339RRR
_b05
_c20171208
_lUCH01
_h1001
650 1 4 _aAgricultura y Estado
_xMéxico.
_92054
650 1 4 _aAlimentos
_xIndustria y comercio.
_9131091
650 1 4 _aReforma agraria
_zMéxico.
_995596
700 0 _aBaca del Moral, Julio.
_99257
700 1 _aPérez Villalba, Elba
_990092
901 _aBK
942 _cLIBRO
942 _n0
999 _c110756
_d110756